000 00348nam a2200133Ia 4500
008 231129s1996||||xx |||||||||||||| ||spa||
020 _a958-04-3099-3
040 _bspa
082 _a986.1 H673
245 0 _aHistoria de la vida cotidiana en Colombia
260 _c1996
264 _aNorma
942 _2ddc
_cBKS
999 _c15177
_d15177